| 000 | 00550nam a2200181 4500 | ||
|---|---|---|---|
| 003 | LK-CoMWRAF | ||
| 005 | 20240119213010.0 | ||
| 008 | 230831b1995 |||||||| |||| 00| 0 eng d | ||
| 040 |
_aLK-CoMWRAF _dLK-CoMWRAF _eLK-CoMWRAF |
||
| 041 | _asin | ||
| 082 |
_a891.483 _bWET |
||
| 100 |
_aවෙත්තසිංහ, සිබිල් _vWeththasinghe, Sybil |
||
| 245 | _aනත්තල් ගහ | ||
| 246 | _aNaththal gaha | ||
| 260 |
_aකොළඹ _bමාර් ග ප්රකාශන _c1995 |
||
| 650 | _a ළමා කථා | ||
| 942 | _cBK | ||
| 999 |
_c3321 _d3321 |
||